00617nam a2200193Ia 4500008004100000020001800041082001200059100002500071245004000096250000800136260003800144300002800182500001900210600002000229650002000249942000700269952013000276999001700406240925s9999 xx 000 0 und d a9789332579439 a339 MIS aMishkin, Frederic S. 0aMacroeconomics: policy and practice a2nd aIndia:bPearson Educationc,2017. axii, 220p.b0fOriginal aIncludes Index aSocial Sciences aSocial Sciences cBK 001040708SSaUITUbUITUd2019-02-03eAllied Book Companyg1196.00l0o339 MISpQ14427r2024-09-25 07:17:18w2024-09-25yBK c16926d16926